Box Approach for Immersive Marketing of Educational Services in the Context of Educational Reforms
Zaoberanie sa mnohostrannosťou marketingu univerzít, aby prosperovali vo svete vysokej konkurencie a napĺňali očakávania zainteresovaných strán.
Saved in:
| Main Author: | |
|---|---|
| Format: | Book Chapter |
| Language: | English |
| Subjects: | |
| Tags: |
No Tags, Be the first to tag this record!
|
MARC
| LEADER | 00000naa a2200000 4500 | ||
|---|---|---|---|
| 001 | 0306654 | ||
| 005 | 20250128122436.4 | ||
| 041 | 0 | |a eng | |
| 044 | |a SK | ||
| 245 | 1 | 0 | |a Box Approach for Immersive Marketing of Educational Services in the Context of Educational Reforms |c Nadiia Artyukhova |
| 520 | |a Zaoberanie sa mnohostrannosťou marketingu univerzít, aby prosperovali vo svete vysokej konkurencie a napĺňali očakávania zainteresovaných strán. | ||
| 610 | 2 | 0 | |a marketing |
| 610 | 2 | 0 | |a univerzity |
| 610 | 2 | 0 | |a školy vysoké |
| 610 | 2 | 0 | |a produkty |
| 610 | 2 | 0 | |a vzdelávanie |
| 100 | 1 | |a Artiukhova, Nadiia, 1988- | |